Explorando un enfoque de regulaciones laborales y protección social para América latina (Registro nro. 28817)
[ vista simple ]
| 000 -LEADER | |
|---|---|
| fixed length control field | 00436 a2200121 4500 |
| 001 - CONTROL NUMBER | |
| control field | ART_24049 |
| 005 - DATE AND TIME OF LATEST TRANSACTION | |
| control field | 20260410161933.0 |
| 008 - FIXED-LENGTH DATA ELEMENTS--GENERAL INFORMATION | |
| fixed length control field | 260409a |
| 100 1# - MAIN ENTRY--PERSONAL NAME | |
| Personal name | Beccaria, Luis A. |
| 245 10 - TITLE STATEMENT | |
| Title | Explorando un enfoque de regulaciones laborales y protección social para América latina |
| 700 1# - ADDED ENTRY--PERSONAL NAME | |
| Personal name | Maurizio, Roxana |
| 773 0# - HOST ITEM ENTRY | |
| Title | Revista de Economía Política de Buenos Aires |
| Related parts | - Año 4, Nº 7/8 (nov. 2010) |
| Record control number | REV23982 |
No hay ítems disponibles.